| 000 | 00919nam a2200217Ia 4500 | ||
|---|---|---|---|
| 001 | 16910 | ||
| 003 | GE_BSU | ||
| 008 | 181216s||||||||xx |||||||||||||| ||und|| | ||
| 040 | _cGE_BSU | ||
| 080 | _a821.353.31 | ||
| 100 | _aდადიანი, შალვა | ||
| 245 | _aრჩეული თხზულებანი : 5 ტომად. ტ. 4 : პიესები | ||
| 245 | _cრედ. კოლ.: ბ. ჟღენტი და სხვა | ||
| 260 | _aთბილისი | ||
| 260 | _bსაბჭ. საქართველო | ||
| 260 | _c1961. | ||
| 300 | _a399 გვ.22 სმ. | ||
| 653 | _aგუშინდელნი; კაკალ გულში; თეთნულდი; შავი ქვა; არაფერიც არ იქნება; უწა-უწა; ცოცხი და ლოკოკინა | ||
| 653 | _aპიესები | ||
| 942 | _cBK | ||
| 999 |
_c49974 _d49974 |
||